000
002650000a22000970004500
100
1
_a
Gnuse, Robert
245
1
0
_a
Dream genre in the Matthean infancy narratives
300
_a
Vol. 32, Num. 2 (Abril, 1990), Páginas 97-120
773
0
_t
Novum Testamentum
942
_c
ANA
999
_c
56788
_d
56788